Míra decentralizace v zemích Evropské unie
Porovnanie decentralizačných pomerov v členských štátoch Európskej únie na základe vybraných ukazovateľov. Podiel výdavkov decentralizovaných úrovní vlády na celkových výdavkoch verejnej správy. Podiel príjmov decentralizovaných úrovní vlády na celkových príjmoch verejnej správy. Podiel daňových prí...
Guardado en:
| Autor principal: | |
|---|---|
| Otros Autores: | |
| Formato: | Capítulo de libro |
| Lenguaje: | checo |
| Materias: | |
| Etiquetas: |
Sin Etiquetas, Sea el primero en etiquetar este registro!
|
MARC
| LEADER | 00000nla$a2200000$$$4500 | ||
|---|---|---|---|
| 001 | 0114178 | ||
| 005 | 20240502083303.5 | ||
| 041 | 0 | |a cze | |
| 044 | |a CZ | ||
| 245 | 1 | 0 | |a Míra decentralizace v zemích Evropské unie |c Erika Neubauerová, Juraj Švarc |
| 520 | |a Porovnanie decentralizačných pomerov v členských štátoch Európskej únie na základe vybraných ukazovateľov. Podiel výdavkov decentralizovaných úrovní vlády na celkových výdavkoch verejnej správy. Podiel príjmov decentralizovaných úrovní vlády na celkových príjmoch verejnej správy. Podiel daňových príjmov decentralizovaných úrovní vlády na celkových daňových príjmoch verejnej správy. Podiel investícií decentralizovaných úrovní vlády na celkových investíciách verejnej správy. | ||
| 610 | 2 | 0 | |a decentralizácia |
| 610 | 2 | 0 | |a správa verejná |
| 610 | 2 | 0 | |a vláda |
| 610 | 2 | 0 | |a príjmy |
| 610 | 2 | 0 | |a výdavky |
| 610 | 2 | 0 | |a investície |
| 610 | 2 | 0 | |a dane |
| 610 | 2 | 0 | |a Európska únia |
| 100 | 1 | |a Neubauerová, Erika, 1968- | |
| 700 | 1 | |a Švarc, Juraj | |